000 01863cam a22004218i 4500
003 EG-NbEJU
005 20251012101055.0
008 231226s2024 mdu b 001 0 eng
010 _a 2023057684
020 _a9781538183779
_q(cloth)
020 _a9781538183786
_q(paperback)
020 _z9781538183793
_q(electronic)
040 _aDLC
_beng
_erda
_cDLC
041 _aeng
042 _apcc
050 0 0 _aAM133
_b.S56 2024
100 1 _aSimmons , John E.
245 1 0 _aThings Great and Small :
_bCollection Management Policies /
_cJohn E. Simmons
250 _aThird Edition
260 _aLanham :
_bRowman & Littlefield ,
_c2024
300 _a287 page ;
_c28 cm
336 _atext
_btxt
_2rdacontent
337 _aunmediated
_bn
_2rdamedia
338 _avolume
_bnc
_2rdacarrier
490 0 _aAmerican alliance of musuems
504 _aIncludes bibliographical references and index.
520 _a"The new third edition of Things Great and Small continues to be a comprehensive resource for developing, implementing, and revising collection management policies and includes new information for addressing prolonged or permanent closure of museums, wider parameters for collection storage environments, and sustainable collection management practices to cope with climate change"--
_cProvided by publisher.
650 0 _aMuseums
_xCollection management
_zUnited States
650 0 _aMuseums
_zUnited States
_xPlanning
650 0 _aMuseums
_zUnited States
_xManagement
776 0 8 _iOnline version:
_aSimmons, John E.
_tThings great and small
_bThird edition.
_dLanham : Rowman & Littlefield, [2024]
_z9781538183793
_w(DLC) 2023057685
856 _u7181
_yURI
901 _aKholoud
902 _aEJUST_1303_ (6)
906 _a0
_bibc
_corignew
_d1
_eecip
_f20
_gy-gencatlg
942 _2lcc
_n0
_cBK
999 _c7181
_d7181